LEADER 01508nam a2200265 4500 001 000000358183 003 CaOOAMICUS 005 20240502103238.0 008 240502s2021 vc m 000 u fre r 020 $a978-88-465-1299-4 040 $aSeMil$bita 100 1 $aPinet, Martin.$0(OLS)http://semarc/name/119637 245 13$aLa notion de 'munus' au Concile Vatican 2. et après :$bpour une fondation théologique du pouvoir dans l'Église : dissertatio praeparatoria ad doctoratum in sacra theologia consequendum /$cMartin Pinet. 264 1$aCittà del Vaticano :$bLateran University Press,$c2021. 300 $a499 p. ;$c21 cm 490 1 $aCorona Lateranensis ;$v100 501 $aIn testa al front.: Pontificia universitas Lateranensis, Institutum utriusque iuris 650 4$aEcclesiologia - Effetti [del] Concilio vaticano <2. ; 1962-1965>.$0(OLS)http://semarc/subject/43912 830 0$aCorona Lateranensis ;$v100.$0(OLS)http://semarc/title/9690 850 $aSeMil 852 $aSeMil$W1$xVenegono$y1$m2B IV 360$j247848$B249301$CSeMilBibl$Z2$F249301 $81 996 $6020$a978-88-465-1299-4$9(OLS)http://semarc/number/300330 996 $6245$aLa notion de 'munus' au Concile Vatican 2. et après :$bpour une fondation théologique du pouvoir dans l'Église : dissertatio praeparatoria ad doctoratum in sacra theologia consequendum$9(OLS)http://semarc/title/448486 996 $6264$aCittà del Vaticano :$bLateran University Press$9(OLS)http://semarc/publisher/34661 LEADER 01484nam a2200337 i 4500 001 000000033573 003 CaOOAMICUS 005 20180830125450.0 008 180830s1964 it u000 u ita u 040 $aSeMil$bita 245 10$aStoria della musica /$cdirettore responsabile Dino Fabbri. 260 $aMilano :$bFabbri Editori,$ccopyr. 1964. 300 $a14 v. ;$c32 cm. 650 4$aMusica - Storia.$0(OLS)http://semarc/subject/563 700 1 $aFabbri, Dino.$0(OLS)http://semarc/name/1120 774 0 $tDalle origini al melodramma.$gVolume1$w()65335 774 0 $tBach e il Settecento strumentale.$gVolume2$w()252445 774 0 $tMozart e il Settecento operistico.$gVolume3$w()252446 774 0 $tBeethoven e il primo Romanticismo.$gVolume4$w()252447 774 0 $tEuropa musicale dell'Ottocento.$gVolume5$w()252448 774 0 $tItalia musicale dell'Ottocento.$gVolume6$w()252449 774 0 $tNovecento.$gVolume8$w()252450 774 0 $tPostwagneriani e le scuole nazionali.$gVolume7$w()252451 774 0 $tMusica contemporanea.$gVolume9$w()252452 774 0 $tJazz.$gVolume10$w()252453 774 0 $tFolclore e musica leggera.$gVolume11$w()252454 774 0 $tAppendice al vol. 2.$gVolume13$w()252455 774 0 $tAppendice al vol. 1.$gVolume12$w()252456 774 0 $tSchede discografiche.$gVolume14$w()252457 996 $6245$aStoria della musica$9(OLS)http://semarc/title/2527 996 $6260$aMilano :$bFabbri Editori$9(OLS)http://semarc/publisher/56198